MDQL
is popping MORE tags! Check the
thread
!
Quizzes
Events
Quiz Creation
Community
Videos
Private Events
Remove Ads
Sign In
Join for FREE
Feedback
Dark Mode
Quiz Categories
Sports
Geography
Music
Movies
Television
Just For Fun
Miscellaneous
History
Literature
Language
Science
Gaming
Entertainment
Religion
Holiday
For Kids
Quiz Lab
Recent
Popular Today
Quiz Kudos Today
Editor Picks
Curator Picks
Quizzes by...
Day
Popularity
Type
Ratings
Length
Year
Community
Subscriptions
Recent Discussions
Orange Saloon
Badges
Playlists
Quests
Create
Leaderboards
Showdown
Live 5
Trivia Bingo
Activity
Puzzle Library
Sporcle Events
Private Events
Virtual Trivia
Globe League
Become a Host
Pub Owners
SporcleCon
Opinionation
Our Games
Videos
Blog
Mobile Apps
Partnerships
Remove Ads and Go Orange
Feedback
Music
Pop Music
The Beatles
Song
Album
Lyrics
Bands
Singers
Artist
Clip
Rock
Rap
Classical
Billboard
Country Music
Kpop
Taylor Swift
Music
Pop Music
The Beatles
Song
Album
Lyrics
Bands
Singers
Artist
Clip
Rock
Rap
Classical
Billboard
Country Music
Kpop
Taylor Swift
Random Quiz
Search Sporcle
×
Quiz Lab
Quiz Lab
Music
Niall Horan
Type in answers that appear in a list
Type in answers that appear in a list
Classic
Best Score? Go Orange.
One Direction Audio Challenges Stats
One Direction Audio Challenges - Song Title from 7 sec audio clip
By
agimagi
13m
74 Questions
1,351 Plays
1,351 Plays
1,351 Plays
Comments
Comments
Give Quiz Kudos
Give Quiz Kudos
-
- Ratings
hide this ad
More Info
Forced Order
Answers have to be entered in order
Answers have to be entered in order
Replay
Link that replays current quiz
Next Quiz
Link to next quiz in quiz playlist
You Got
0%
They Got
Avg Score
55%
Avg Friend Score
Upgrade to see
Score Distribution
Jump to the score distribution portion of the page
Score
0/74
Timer
13:00
1
Play Today
Time
Song Title
% Correct
00:03-
00:10
One Way or Another (Teenage Kicks)
96.1%
00:59-
01:06
Still the one
81.6%
00:10-
00:17
Little Black Dress
81%
01:20-
01:27
I Want
80.5%
01:48-
01:55
Midnight Memories
79.9%
03:47-
03:54
Up all Night
77.3%
02:44-
02:51
Kiss you
77.3%
01:34-
01:41
Happily
77.1%
00:24-
00:31
Alive
76.7%
04:01-
04:08
Live While We're Young
76.2%
03:33-
03:40
One Thing
76.1%
05:11-
05:19
Best song ever
75.1%
02:51-
02:58
Diana
74.1%
04:08-
04:15
Rock me
73.3%
04:43-
04:50
They don't know about us
73%
02:09-
02:16
Over Again
71.9%
00:38-
00:45
C'mon C'mon
70.4%
04:36-
04:43
I would
70.1%
03:54-
04:01
Little White Lies
70%
02:37-
02:44
Strong
69.9%
01:06-
01:13
Stand Up
69.8%
04:29-
04:36
Right now
69.4%
06:29-
06:36
Little Things
68.5%
03:12-
03:19
Half a Heart
68.4%
01:55-
02:02
Heart Attack
66.4%
05:40-
05:47
Better than Words
63.8%
03:26-
03:33
She's not afraid
62.4%
03:40-
03:47
Tell Me a Lie
61.1%
04:22-
04:29
Only girl (in the world)
59.9%
05:47-
05:54
Change my Mind
59.7%
07:12-
07:19
Taken
59.5%
02:58-
03:05
Loved you first
59.4%
01:27-
01:34
Truly Madly Deeply
59.2%
08:02-
08:09
You and I
58%
07:40-
07:48
Teenage Dirtbag
57.4%
03:19-
03:26
Magic
56.6%
04:50-
04:57
Last first kiss
56.1%
Time
Song Title
% Correct
03:05-
03:12
Na na na
55.1%
08:30-
08:37
Story of my Life
55%
06:44-
06:51
Through the Dark
54.9%
08:37-
08:44
What Makes You Beautiful
54.9%
00:17-
00:24
She's the one
54.8%
02:02-
02:09
Back for you
54.8%
05:19-
05:26
Save you tonight
54.5%
05:54-
06:01
Summer love
54.3%
02:16-
02:23
Why don't we go there
53.9%
06:01-
06:08
Nobody Compares
53.4%
08:16-
08:23
Gotta Be You
53.4%
05:26-
05:33
Stole my Heart
52%
06:51-
06:58
Same mistakes
51.7%
07:48-
07:55
Don't forget where you belong
50.9%
07:33-
07:40
More than this
50.8%
07:19-
07:26
Viva la Vida
50.2%
00:52-
00:59
Does He Know
49.6%
08:09-
08:16
Torn
47.9%
06:22-
06:29
I wish
46.1%
08:23-
08:30
Moments
45.3%
07:55-
08:02
Irresistible
42.5%
04:57-
05:04
Another World
40.8%
06:58-
07:05
Everything about You
40.4%
01:41-
01:48
Summer of 69
38.7%
07:05-
07:12
Something Great
38.2%
06:15-
06:22
Chasing Cars
37.1%
07:26-
07:33
Forever young
36.8%
02:30-
02:37
Kids in America
35.4%
05:04-
05:11
Total Eclipse of my Heart
34.9%
00:45-
00:52
My life would suck without you
33.4%
04:15-
04:22
You are so beautiful
28.5%
06:36-
06:44
Your song
26.7%
02:23-
02:30
All you need is love
16.9%
00:31-
00:38
Nobody Knows
12.4%
01:13-
01:20
Maths Song
11.9%
05:33-
05:40
Something about the way You look tonight
9.8%
06:08-
06:15
I should've kiss You
7.4%
Quiz Playlist
Details
Report
Send in Message
Add To Playlist
More Info:
It includes every recorded songs, covers and songs from X-factor
Classic:
Type in answers that appear in a list
Forced Order:
Answers have to be entered in order
Last Updated: Apr 30, 2017
Quiz Scoreboard
CHALLENGE
Sign Up to Join the Scoreboard
Show All
Scores
Hide
Comments
May contain spoilers
Recently Published
1-10 Letter E Words III
by El_Dandy
Language
2m
Street Fighter Characters
by Artimus82
Gaming
60s
College Basketball Coaching Resumes
by pancakes188
Sports
9m
More to Explore
Quiz From the Vault
Featured Blog Post
Where Did the Easter Bunny Come From?
hide this ad
You Might Also Like...
Tags
Harry Styles
Liam Payne
Louis Tomlinson
Midnight Memories
Niall Horan
One Direction
Zayn Malik
Today's Top Quizzes in Music
Browse Music
hide this ad
Top Contributed Quizzes in Music
1
Taylor Swift All Songs (2024)
2
Taylor Swift Logic Puzzle
3
Guess the Artist- 70s Songs
4
7-to-1: Billboard Hot 100 #1 Hits of 2010s
5
Sorting Albums and Songs
6
KPOP LOGIC QUIZ
7
Billboard Blitz: Aretha Franklin
8
Guess the Taylor Swift song (Mystery Song)
9
Guess The Taylor Swift Lyrics Song #1
10
Billboard Blitz: ABBA
Explore More
Trending Topics
Marvel
NBA
Anime
Crossword
Harry Potter
Kpop
Disney
Soccer
WWE
Country
Pokémon
NFL
The Office
Song
Puzzle
hide this ad
More By:
agimagi
Quiz
Plays
Rating
Category
Featured
Created
One Direction Audio Challenges
1,351
2.67
Music
Feb 23, 2014
Go to Creator's Profile
Score Distribution
Quiz Creator Spotlight
agimagi
Follow
Send a Message
Quizzes Created
-
Created Quiz Play Count
-
More By This Creator
Popular Quizzes Today
1
Find the US States - No Outlines Minefield
2
Find the Countries of Europe - No Outlines Minefield
3
The Countries of the World
4
Find the US States
5
Risky Map Clicking: Biggest States A-Z
6
US States
7
Popular People in 1961
8
Movies - When Are They Set?
More Music Quizzes
1995 in British Music
Quiz Lab
Trending Quizzes
Risky Map Clicking: Least Populous States A-Z
1-10 Letter G Words
1-10 Letter F Words
Countries of the World: 200 Million BC
Risky Map Clicking: Next State Alphabetically
Recently Updated
Most Oscar Losses (Acting)
pecheneg
Beyoncé Albums
pecheneg
Leaping Animals
pecheneg
Reality TV Shows (A-Z)
bhenderson79
Rickey Henderson's Hall of Fame Teammates
pecheneg
Champions League XIs: Arsenal
pecheneg
Quick Pick: Celebrities in WWE's Hall of Fame
aduchscher
A-Z Keypad Blitz II
pecheneg
Multiple Oscar Actors
pecheneg
Mystery Phrase Blitz: Oscar 'Best Actors'
pecheneg
Trending Topics
Disney
Marvel
Harry Potter
NBA
Crossword
Anime
Kpop
WWE
Country
NFL
Song
Pokémon
The Office
Soccer
Puzzle
Your Account Isn't Verified!
In order to create a playlist on Sporcle, you need to verify the email address you used during registration. Go to your
Sporcle Settings
to finish the process.
Report this User
Report this user for behavior that violates our
Community Guidelines
.
Details:
Send Report
Go to the Sporcle.com Mobile Site →
Comments